Real Madrid Starting XI - Statistics

General Stats
  • This quiz has been taken 299 times
  • The average score is 13 of 15
Answer Stats
Position Players % Correct
ST Benzema
98%
CM Modric
97%
CM Kroos
95%
CB Ramos
95%
LB Marcelo
94%
CDM Casemiro
93%
RB Carvajal
91%
GK Courtois
91%
CB Varane
91%
RW Bale
90%
GK (SUB) Navas
86%
CAM (SUB) Isco
83%
LW (SUB) Vinicius
76%
LW Asensio
75%
ST (SUB Mariano
59%
No matching quizzes found
Score Distribution
Percent of People with Each Score
Percentile by Number Answered
Your Score History
You have not taken this quiz